Normal view
MARC view
Entry Término temático
001 - NÚMERO DE CONTROL
- campo de control: 147952
003 - IDENTIFICADOR DEL NÚMERO DE CONTROL
- campo de control: OSt
005 - FECHA Y HORA DE LA ÚLTIMA TRANSACCIÓN
- campo de control: 20220127160213.0
008 - DATOS DE LONGITUD FIJA
- campo de control de longitud fija: 220127|| aca||aabn | a|a d
040 ## - FUENTE DE LA CATALOGACIÓN
- Centro catalogador/agencia de origen: OSt
- Centro/agencia transcriptor: OSt
150 ## - ENCABEZAMIENTO--TÉRMINO DE MATERIA
- Término de materia o nombre geográfico como elemento de entrada: Quesos
- Subdivisión general: Calidad del producto
670 ## - FUENTE DE DATOS ENCONTRADOS
- Cita de la fuente: Work cat.: (OSt)170805: Alcacio Fernandez, Ma. del Pilar 147947, Obtención de un cultivo láctico, mesofílico y acidificante a partir de leche cruda y descremada /, 1994
